Ochrana komunikácie medzi právnikom a jeho klientom a vyšetrovacie právomoci Európskej komisie v oblasti súťažného práva

Ochrana dôvernosti komunikácie medzi právnikom a klientom pri výkone vyšetrovacích právomocí Európskej komisie podľa nariadenia 1/2003. Judikatúra Súdneho dvora Európskej únie, obzvlášť ohľadom interpretácie pojmu právnik. Analýza proporcionality reštriktívneho výkladu pojmu právnik ako zásahu do pr...

Full description

Saved in:
Bibliographic Details
Main Author: Patakyová, Mária
Format: Book Chapter
Language:Slovak
Subjects:
Tags: Add Tag
No Tags, Be the first to tag this record!

MARC

LEADER 00000naa a2200000 4500
001 0237764
005 20220805073122.8
041 0 |a slo 
044 |a SK 
245 1 0 |a Ochrana komunikácie medzi právnikom a jeho klientom a vyšetrovacie právomoci Európskej komisie v oblasti súťažného práva  |c Mária Patakyová 
520 |a Ochrana dôvernosti komunikácie medzi právnikom a klientom pri výkone vyšetrovacích právomocí Európskej komisie podľa nariadenia 1/2003. Judikatúra Súdneho dvora Európskej únie, obzvlášť ohľadom interpretácie pojmu právnik. Analýza proporcionality reštriktívneho výkladu pojmu právnik ako zásahu do práva na právnu pomoc podnikov. 
610 2 0 |a právo súťažné 
610 2 0 |a Európska komisia 
610 2 0 |a komunikácia 
610 2 0 |a právomoc 
610 2 0 |a klienti 
100 1 |a Patakyová, Mária